Ivy league universities - Statistics

General Stats
  • This quiz has been taken 19 times
  • The average score is 6 of 8
Answer Stats
Answer % Correct
Harvard University
100%
Yale University
100%
Brown University
84%
Princeton University
84%
Cornell University
79%
Columbia University
74%
Dartmouth University
74%
University of Pennsylvania
53%
No matching quizzes found
Score Distribution
Percent of People with Each Score
Percentile by Number Answered
Your Score History
You have not taken this quiz